Eckert Animal Physiology: (Record no. 3871)

MARC details
000 -LEADER
fixed length control field 01004cam a22002894a 4500
001 - CONTROL NUMBER
control field 12429878
003 - CONTROL NUMBER IDENTIFIER
control field OSt
005 - DATE AND TIME OF LATEST TRANSACTION
control field 20200206090849.0
008 - FIXED-LENGTH DATA ELEMENTS--GENERAL INFORMATION
fixed length control field 010604s2002 nyua b 001 0 eng
010 ## - LIBRARY OF CONGRESS CONTROL NUMBER
LC control number 2001040270
020 ## - INTERNATIONAL STANDARD BOOK NUMBER
International Standard Book Number 0716738635 (cloth)
040 ## - CATALOGING SOURCE
Original cataloging agency DLC
Transcribing agency DLC
Modifying agency DLC
042 ## - AUTHENTICATION CODE
Authentication code pcc
050 00 - LIBRARY OF CONGRESS CALL NUMBER
Classification number QP31.2
Item number .R36 2002
082 00 - DEWEY DECIMAL CLASSIFICATION NUMBER
Classification number 571.1 RAN 2002
Edition number 21
100 1# - MAIN ENTRY--PERSONAL NAME
Personal name Randall, David J.; Burggren, Warren W.; French, Kathleen
9 (RLIN) 8489
245 10 - TITLE STATEMENT
Title Eckert Animal Physiology:
Remainder of title mechanisms and adaptations
246 30 - VARYING FORM OF TITLE
Title proper/short title Animal physiology
250 ## - EDITION STATEMENT
Edition statement Ed. 5
260 ## - PUBLICATION, DISTRIBUTION, ETC. (IMPRINT)
Place of publication, distribution, etc. New York :
Name of publisher, distributor, etc. W.H. Freeman and Co.,
Date of publication, distribution, etc. 2002.
300 ## - PHYSICAL DESCRIPTION
Extent xvii, 736, [56] p. :
Other physical details col.ill;
Dimensions 29 cm.
504 ## - BIBLIOGRAPHY, ETC. NOTE
Bibliography, etc Includes bibliographical references and index.
650 #0 - SUBJECT ADDED ENTRY--TOPICAL TERM
Topical term or geographic name as entry element Animal physiology.
9 (RLIN) 215
906 ## - LOCAL DATA ELEMENT F, LDF (RLIN)
a 7
b cbc
c orignew
d 1
e ocip
f 20
g y-gencatlg
942 ## - ADDED ENTRY ELEMENTS (KOHA)
Source of classification or shelving scheme Dewey Decimal Classification
Koha item type Short Loan
Holdings
Withdrawn status Lost status Source of classification or shelving scheme Damaged status Not for loan Home library Current library Date acquired Inventory number Total Checkouts Full call number Barcode Date last seen Price effective from Koha item type Source of acquisition Date last checked out
    Dewey Decimal Classification     MUST Main Library MUST Main Library 05/05/2016 2004/21518   571.1 RAN 2002 2016-1573 05/05/2016 05/05/2016 Short Loan    
    Dewey Decimal Classification     MUST Main Library MUST Main Library 13/05/2016 04/21583   571.1 RAN 2002 2016-1856 13/05/2016 13/05/2016 Short Loan    
    Dewey Decimal Classification     MUST Main Library MUST Main Library 29/08/2018 05/23817   571.1 RAN 2002 2018-0293 29/08/2018 29/08/2018 Open Shelf    
    Dewey Decimal Classification     MUST Main Library MUST Main Library 17/04/2019 05/23818 1 571.1 RAN 2002 2019-0014 16/09/2019 17/04/2019 Open Shelf   05/09/2019
    Other/Generic Classification Scheme     MUST Main Library MUST Main Library 29/01/2020 06/28095   571.1 RAN 2002 2020-0198 29/01/2020 29/01/2020 Open Shelf Purchase  
    Dewey Decimal Classification     MUST Main Library MUST Main Library 11/05/2021 04/21582   571.1 RAN 2002 2021-0510 11/05/2021 11/05/2021 Open Shelf Purchase